000
00306nam a22001217a 4500
008
230620b xxu||||| |||| 00| 0 eng d
020
_a
9041119302
082
_a
321.8
_b
BEE 2002
245
_a
The State of Democracy
260
_a
New York
_b
Kluwer Law International
_c
2002
300
_a
104p
942
_2
ddc
_c
BK
999
_c
1825
_d
1825